Т. 3 : Происхождение видов путем естественного отбора; Сочинения

Detalles Bibliográficos
Parent link:Сочинения: в 9-ти тт./ Ч. Р. Дарвин; Академия наук СССР (АН СССР) ; под общей ред. Л. С. Берга ; Н. И. Вавилова ; П. И. Валескална ; Д. Л. Вейса ;А. П. Ильинского ; В. М. Каганова ; В. Л. Комарова; М. Л. Левина ;А. Д. Некрасова ; С. Л. Соболя ; Н. Г. Холодного ; Н. С. Шатского. Т. 3 : Происхождение видов путем естественного отбора.— , 1935-1959
Otros Autores: Некрасов А. Д. (редактор)
Lenguaje:ruso
Publicado: 1939
Materias:
Formato: MixedMaterials Libro
KOHA link:https://koha.lib.tpu.ru/cgi-bin/koha/opac-detail.pl?biblionumber=252796

MARC

LEADER 00000nam2a2200000 4500
001 252796
005 20231031214044.0
010 |b 10000 экз. 
035 |a (RuTPU)RU\TPU\book\275151 
035 |a RU\TPU\book\275134 
090 |a 252796 
100 |a 20140305d1939 k y0rusy50 ca 
101 0 |a rus 
102 |a RU 
105 |a af z 001zy 
200 0 |a Т. 3 : Происхождение видов путем естественного отбора  |f под ред. проф. А. Д. Некрасова 
210 |d 1939 
215 |a 831 с.  |c ил. 
320 |a Примечания: с. 763-824 
320 |a Перечень иллюстраций: с. 825-826. 
461 1 |0 (RuTPU)RU\TPU\book\272834  |t Сочинения  |o в 9-ти тт.  |f Ч. Р. Дарвин  |g Академия наук СССР (АН СССР) ; под общей ред. Л. С. Берга ; Н. И. Вавилова ; П. И. Валескална ; Д. Л. Вейса ;А. П. Ильинского ; В. М. Каганова ; В. Л. Комарова; М. Л. Левина ;А. Д. Некрасова ; С. Л. Соболя ; Н. Г. Холодного ; Н. С. Шатского  |v Т. 3 : Происхождение видов путем естественного отбора  |d 1935-1959 
610 1 |a естествознание 
610 1 |a дарвинизм 
610 1 |a теория Дарвина 
610 1 |a естественный отбор 
675 |a 575.8  |v 3 
702 1 |a Некрасов  |b А. Д.  |4 340 
801 1 |a RU  |b 63413507  |c 20140214 
801 2 |a RU  |b 63413507  |c 20221122  |g RCR 
942 |c BK